| 000 | 00678nam a2200217 a 4500 | ||
|---|---|---|---|
| 001 | 000025221 | ||
| 005 | 20200930023635.0 | ||
| 008 | 110211s1988 mx r 000 0 spa d | ||
| 020 | _a9688881732 | ||
| 040 |
_aDO-SdBNP _bspa _cBNPHU |
||
| 041 | 1 | 7 |
_aspa _heng _2Código de idioma MARC |
| 082 |
_aNNN _bB344r |
||
| 100 | 1 |
_aBauer, P. T. _947117 |
|
| 240 | 1 | 0 |
_aReality and rhetoric. _lEspañol. |
| 245 | 1 | 0 |
_aRealidad y retórica / _cP. T. Baur ; traducción David Basurto Clark. |
| 260 |
_aMéxico, D. F. : _bPrisma, _c1988. |
||
| 300 |
_a215 P. ; _c21 cm. |
||
| 534 |
_aTítulo original: _tReality and rhetoric |
||
| 700 | 1 |
_aBasurto Clark, David _etr. _951695 |
|
| 049 | _aBNGR | ||
| 999 |
_c24714 _d24714 |
||